[Event "9th Asia-ch"]
[Site "Mashhad IRI"]
[Date "2011.05.05"]
[Round "4.7"]
[White "Kunte, Abhijit"]
[Black "Zhou Weiqi"]
[Result "1/2-1/2"]
[WhiteElo "2526"]
[BlackElo "2610"]
[EventDate "2011.05.02"]
[PlyCount "62"]

1.Nf3 Nf6 2.g3 g6 3.d4 Bg7 4.Bg2 O-O 5.O-O d6 6.Re1 c5 7.dxc5 dxc5 8.Qxd8 
Rxd8 9.c3 Bf5 10.Nfd2 Nc6 11.Nb3 Nd7 12.Be3 c4 13.Bxc6 bxc6 14.Na5 Ne5 15.
Na3 Rdb8 16.Bc1 Rb6 17.N5xc4 Nxc4 18.Nxc4 Ra6 19.Bg5 Rb8 20.Red1 Be6 21.
Bf4 Rc8 22.Nd2 c5 23.Nb3 Rb6 24.Rd2 f5 25.Be3 Rb5 26.Rc2 c4 27.Nd4 Bxd4 
28.Bxd4 a5 29.Rd1 Rcb8 30.Rdd2 f4 31.gxf4 Bf5 1/2-1/2

[Event "9th Asia-ch"]
[Site "Mashhad IRI"]
[Date "2011.05.05"]
[Round "4.8"]
[White "Zhao Jun"]
[Black "Laylo, Darwin"]
[Result "1/2-1/2"]
[WhiteElo "2574"]
[BlackElo "2516"]
[EventDate "2011.05.02"]
[PlyCount "113"]

1.c4 Nf6 2.Nf3 g6 3.b3 Bg7 4.Bb2 O-O 5.g3 c6 6.Bg2 d5 7.O-O a5 8.Na3 Na6 
9.d3 Bg4 10.Nc2 Bxf3 11.Bxf3 e6 12.Rb1 Nb4 13.a3 Nxc2 14.Qxc2 Nd7 15.d4 a4
16.bxa4 Nb6 17.cxd5 cxd5 18.Bc3 Qc7 19.Qb3 Nxa4 20.Ba1 Rfc8 21.e4 dxe4 22.
Bxe4 Nc3 23.Bxc3 Qxc3 24.Bxb7 Rxa3 25.Qxa3 Qxa3 26.Bxc8 Bxd4 27.Bb7 h5 28.
Rbd1 e5 29.Bg2 h4 30.gxh4 Qe7 31.h5 gxh5 32.Rd3 Qh4 33.Kh1 Kf8 34.f4 Ke7 
35.Rh3 Qg4 36.Rg3 Qh4 37.Rd3 Qg4 38.Rg3 Qh4 39.fxe5 Bxe5 40.Rh3 Qg4 41.Rb3
Qc4 42.Re3 f6 43.Re4 Qc2 44.Rb4 Kf7 45.Rb7+ Kg6 46.Rg1 Kh6 47.Rb4 Qf2 48.
Rb3 h4 49.Rf3 Qd4 50.Rgf1 Qd2 51.Rh3 Qd4 52.Re1 Qf2 53.Rg1 Qf4 54.Rf1 Qd4 
55.Rhf3 Qd2 56.R3f2 Qd3 57.Rf3 1/2-1/2

[Event "9th Asia-ch"]
[Site "Mashhad IRI"]
[Date "2011.05.05"]
[Round "4.9"]
[White "Djao Thien Hai"]
[Black "Gopal, Geetha Narayanan"]
[Result "1/2-1/2"]
[WhiteElo "2512"]
[BlackElo "2592"]
[EventDate "2011.05.02"]
[PlyCount "76"]

1.d4 d5 2.c4 c6 3.cxd5 cxd5 4.Nc3 Nf6 5.Bf4 Nc6 6.e3 Bg4 7.Qb3 Na5 8.Bb5+ 
Bd7 9.Bxd7+ Qxd7 10.Qb5 Nc6 11.Nf3 e6 12.O-O Be7 13.Rfc1 Rc8 14.Ne5 Nxe5 
15.Bxe5 Rc6 16.Qd3 O-O 17.Ne2 Rfc8 18.f3 Qd8 19.Bg3 Qb6 20.Qd2 Qa6 21.Rxc6
Rxc6 22.Be1 h6 23.Kf2 Ne8 24.Qa5 Qd3 25.Qd2 Qf5 26.g4 Bh4+ 27.Ng3 Qc2 28.
b3 Be7 29.Ne2 Ba3 30.Rd1 Nd6 31.Qxc2 Rxc2 32.Rd2 Rc6 33.Rd3 Rc2 34.Rd2 Rc6
35.Rd3 Nb5 36.Nc3 a6 37.Nxb5 axb5 38.Rc3 Rxc3 1/2-1/2

[Event "9th Asia-ch"]
[Site "Mashhad IRI"]
[Date "2011.05.05"]
[Round "4.10"]
[White "Kasimdzhanov, Rustam"]
[Black "Lu Shanglei"]
[Result "1-0"]
[WhiteElo "2685"]
[BlackElo "2473"]
[EventDate "2011.05.02"]
[PlyCount "73"]

1.d4 d5 2.c4 e6 3.Nc3 c6 4.e3 Nf6 5.Nf3 Nbd7 6.Qc2 Bd6 7.Bd3 O-O 8.O-O 
dxc4 9.Bxc4 e5 10.Bb3 Qc7 11.Bd2 exd4 12.exd4 Nb6 13.Rac1 Qd7 14.Bg5 Qf5 
15.Qd2 h6 16.Bc2 Nc4 17.Qe2 Qe6 18.Be3 Nxe3 19.fxe3 Re8 20.e4 c5 21.Bb3 
Qg4 22.Nb5 Bf4 23.Rxc5 b6 24.Rxc8 Qxc8 25.e5 Qc6 26.g3 Be3+ 27.Kg2 Rad8 
28.Nxa7 Qb7 29.Qxe3 Qxa7 30.Nh4 Qb7+ 31.Kg1 Nd5 32.Qe4 Re6 33.Nf5 Qd7 34.
Qg4 Rg6 35.Qf3 Nc7 36.Bxf7+ Kxf7 37.Nxh6+ 1-0

[Event "9th Asia-ch"]
[Site "Mashhad IRI"]
[Date "2011.05.05"]
[Round "4.11"]
[White "Nguyen Ngoc Truong Son"]
[Black "Yu Ruiyuan"]
[Result "1-0"]
[WhiteElo "2635"]
[BlackElo "2431"]
[EventDate "2011.05.02"]
[PlyCount "63"]

1.d4 d5 2.c4 c6 3.Nf3 Nf6 4.Nc3 dxc4 5.a4 Bf5 6.e3 e6 7.Bxc4 Bb4 8.O-O 
Nbd7 9.Qe2 O-O 10.e4 Bg4 11.Rd1 Qa5 12.h3 Bxf3 13.Qxf3 e5 14.d5 Nb6 15.Bf1
cxd5 16.exd5 Bxc3 17.bxc3 Nbxd5 18.c4 Qc3 19.Ba3 Qxf3 20.gxf3 Nc7 21.Bxf8 
Kxf8 22.Rab1 Rb8 23.c5 Ke7 24.Bc4 Ne6 25.Bxe6 Kxe6 26.Rd6+ Kf5 27.c6 b6 
28.c7 Rc8 29.Rc1 Ne8 30.Rd7 f6 31.Rc6 h5 32.Re7 1-0

[Event "9th Asia-ch"]
[Site "Mashhad IRI"]
[Date "2011.05.05"]
[Round "4.12"]
[White "Ghaem Maghami, Ehsan"]
[Black "Yang Kaiqi"]
[Result "1/2-1/2"]
[WhiteElo "2606"]
[BlackElo "2409"]
[EventDate "2011.05.02"]
[PlyCount "107"]

1.e4 c5 2.Nf3 Nc6 3.Nc3 g6 4.d4 cxd4 5.Nxd4 Bg7 6.Be3 Nf6 7.Be2 O-O 8.O-O 
d5 9.Nxc6 bxc6 10.e5 Ne4 11.Nxe4 dxe4 12.Qd4 Qd5 13.Qxd5 cxd5 14.Bd4 a5 
15.Rfd1 Ba6 16.Bxa6 Rxa6 17.c4 dxc4 18.Re1 f5 19.exf6 Bxf6 20.Bxf6 Raxf6 
21.Re2 Rb8 22.Rc1 Rfb6 23.Rcc2 c3 24.b3 Rd8 25.Kf1 Rd1+ 26.Re1 Rd2 27.Re2 
Rd1+ 28.Re1 Rd2 29.Re2 Rd1+ 30.Re1 Rd2 31.Rxd2 cxd2 32.Rd1 a4 33.bxa4 Rb2 
34.Ke2 Rxa2 35.Rxd2 Rxa4 36.Ke3 Kf7 37.Rd4 Ra2 38.Rxe4 g5 39.h4 Ra3+ 40.
Ke2 gxh4 41.Rxh4 Kg6 42.Re4 Kf6 43.Re3 Ra2+ 44.Kf3 e5 45.Rb3 Ra4 46.Kg3 
Kf5 47.f3 h5 48.Rb8 Rc4 49.Rf8+ Kg5 50.Rg8+ Kf5 51.Kh3 Ra4 52.Rf8+ Kg5 53.
Re8 Kf5 54.Rf8+ 1/2-1/2

[Event "9th Asia-ch"]
[Site "Mashhad IRI"]
[Date "2011.05.05"]
[Round "4.13"]
[White "Cao Sang"]
[Black "Wang Chen"]
[Result "1/2-1/2"]
[WhiteElo "2547"]
[BlackElo "2436"]
[EventDate "2011.05.02"]
[PlyCount "78"]

1.e4 c5 2.Nf3 e6 3.c4 Nc6 4.Nc3 Nd4 5.d3 d6 6.g3 Nxf3+ 7.Qxf3 Ne7 8.Bg2 
Nc6 9.Be3 Be7 10.Qd1 Bf6 11.O-O O-O 12.Rb1 a6 13.a3 Rb8 14.Ne2 b5 15.cxb5 
axb5 16.d4 Be7 17.Qc2 c4 18.Rfd1 Bd7 19.f4 Na5 20.Bd2 Qb6 21.Kh1 Rfe8 22.
Bc3 Bf8 23.Ng1 h6 24.Nf3 Nb3 25.h3 g6 26.Re1 Bg7 27.Rbd1 Bc6 28.h4 Qb7 29.
Qe2 f5 30.e5 dxe5 31.fxe5 Red8 32.Ng1 Rd7 33.Nh3 Rbd8 34.Nf4 Nxd4 35.Rxd4 
Rxd4 36.Nxe6 Bxg2+ 37.Qxg2 Qxg2+ 38.Kxg2 Rd2+ 39.Kh3 R2d3 1/2-1/2

[Event "9th Asia-ch"]
[Site "Mashhad IRI"]
[Date "2011.05.05"]
[Round "4.14"]
[White "Ismagambetov, Anuar"]
[Black "Paragua, Mark"]
[Result "1/2-1/2"]
[WhiteElo "2500"]
[BlackElo "2542"]
[EventDate "2011.05.02"]
[PlyCount "66"]

1.e4 c5 2.Nf3 d6 3.d4 cxd4 4.Nxd4 Nf6 5.Nc3 a6 6.Be2 e6 7.f4 Be7 8.O-O Qc7
9.Bf3 Nc6 10.Be3 O-O 11.Kh1 Bd7 12.a4 Nxd4 13.Qxd4 Bc6 14.Qd2 b6 15.Qf2 
Nd7 16.Bd4 e5 17.fxe5 dxe5 18.Be3 Bc5 19.Be2 Qb7 20.Rad1 Nf6 21.Bf3 Nxe4 
22.Bxe4 Bxe4 23.Nxe4 Qxe4 24.Bxc5 bxc5 25.Rd7 Qc4 26.b3 Qe6 27.Rfd1 e4 28.
Qxc5 e3 29.Re7 Rac8 30.Rxe6 Rxc5 31.Rxe3 Rxc2 32.h3 Rc5 33.Red3 g6 1/2-1/2

[Event "9th Asia-ch"]
[Site "Mashhad IRI"]
[Date "2011.05.05"]
[Round "4.15"]
[White "Gomez, John Paul"]
[Black "Debashis, Das"]
[Result "1/2-1/2"]
[WhiteElo "2538"]
[BlackElo "2392"]
[EventDate "2011.05.02"]
[PlyCount "63"]

1.d4 d5 2.c4 c6 3.Nf3 Nf6 4.e3 Bf5 5.Nc3 e6 6.Nh4 Bg6 7.Be2 Nbd7 8.O-O 
dxc4 9.Bxc4 Bh5 10.Be2 Bxe2 11.Qxe2 c5 12.Rd1 cxd4 13.exd4 Nb6 14.Nf5 Qd7 
15.Qe5 Nc4 16.Qe2 Nb6 17.d5 Nfxd5 18.Nxd5 Nxd5 19.Bg5 f6 20.Ne3 Be7 21.
Bxf6 gxf6 22.Qh5+ Kf8 23.Rxd5 exd5 24.Nf5 Bd8 25.Qh6+ Kg8 26.g4 Rc8 27.Re1
Rc7 28.Qh5 Kf8 29.Qh6+ Kg8 30.Qh5 Kf8 31.Qh6+ Kg8 32.Qh5 1/2-1/2

[Event "9th Asia-ch"]
[Site "Mashhad IRI"]
[Date "2011.05.05"]
[Round "4.16"]
[White "Lou Yiping"]
[Black "Moradiabadi, Elshan"]
[Result "0-1"]
[WhiteElo "2435"]
[BlackElo "2536"]
[EventDate "2011.05.02"]
[PlyCount "161"]

1.d4 Nf6 2.c4 e6 3.Nf3 d5 4.Nc3 c6 5.e3 a6 6.b3 Bb4 7.Bd2 O-O 8.Bd3 Nbd7 
9.O-O Bd6 10.Re1 Re8 11.Qc2 h6 12.h3 dxc4 13.bxc4 e5 14.Rab1 Rb8 15.a4 
exd4 16.exd4 Rxe1+ 17.Rxe1 Nf8 18.Ne4 Nxe4 19.Bxe4 Bd7 20.d5 cxd5 21.Bxd5 
Be6 22.Qe4 Bxd5 23.Qxd5 Ne6 24.Bc3 Bf8 25.Qf5 Qc7 26.Ne5 Re8 27.Ba5 Qe7 
28.Nd3 Qg5 29.Qxg5 hxg5 30.Rb1 Rc8 31.Rxb7 Rxc4 32.Rxf7 Rxa4 33.Rf5 Ra3 
34.Re5 Nc5 35.Nxc5 Rxa5 36.Nd3 Ra1+ 37.Re1 Ra2 38.Re8 Kf7 39.Ra8 Ra1+ 40.
Kh2 Bd6+ 41.g3 Ke6 42.Kg2 a5 43.Kf3 Kd5 44.Ke3 Be7 45.Rc8 Ra3 46.Rc7 Bf6 
47.Rc5+ Kd6 48.Rc4 a4 49.Ke4 Ra1 50.Rc2 a3 51.Rc4 Bb2 52.Rb4 Bc3 53.Rc4 
Bb2 54.Rb4 Bc3 55.Rc4 Bf6 56.Rc8 Rd1 57.Ra8 Bb2 58.Ra6+ Kc7 59.Ra4 Kc6 60.
Rc4+ Kd6 61.Ra4 Kc6 62.Rc4+ Kd6 63.Ra4 Rd2 64.Ke3 Rc2 65.Ra5 Kc7 66.Nxb2 
axb2 67.Rb5 Kc6 68.Rb8 Kd5 69.Kd3 Rxf2 70.Rb5+ Kc6 71.Rb8 Kc5 72.Rb7 Rh2 
73.g4 g6 74.Rb8 Rxh3+ 75.Ke4 Rh2 76.Kd3 Rg2 77.Kc3 Kd5 78.Rb4 Ke5 79.Kd3 
Rxg4 80.Rb5+ Kf4 81.Rxb2 0-1

[Event "9th Asia-ch"]
[Site "Mashhad IRI"]
[Date "2011.05.05"]
[Round "4.17"]
[White "Alavi Sayed, Javad"]
[Black "Sethuraman, Panayapan"]
[Result "1/2-1/2"]
[WhiteElo "2428"]
[BlackElo "2527"]
[EventDate "2011.05.02"]
[PlyCount "90"]

1.e4 c5 2.Nf3 e6 3.d4 cxd4 4.Nxd4 Nf6 5.Nc3 d6 6.Be2 a6 7.O-O Be7 8.f4 Qc7
9.Kh1 O-O 10.a4 Nc6 11.Be3 Bd7 12.Nb3 b6 13.Bf3 Rfe8 14.Qd2 Rab8 15.Bf2 
Nb4 16.Bg3 Rbc8 17.e5 Nfd5 18.Nxd5 Nxd5 19.Nd4 Bf8 20.f5 dxe5 21.fxe6 Bxe6
22.Nxe6 fxe6 23.Bxd5 Qd6 24.Rad1 Qxd5 25.Qxd5 exd5 26.Rxd5 e4 27.c3 e3 28.
Re5 Bc5 29.Re1 Rxe5 30.Bxe5 Re8 31.Bg3 a5 32.Kg1 Re4 33.b3 h5 34.Kf1 h4 
35.Bc7 Re7 36.Bb8 Rf7+ 37.Ke2 Rf2+ 38.Kd3 Rd2+ 39.Kc4 Rxg2 40.h3 Rb2 41.
Bf4 e2 42.Bc1 Rb1 43.Bd2 Be3 44.Rxe2 Bxd2 45.Rxd2 Rg1 1/2-1/2

[Event "9th Asia-ch"]
[Site "Mashhad IRI"]
[Date "2011.05.05"]
[Round "4.18"]
[White "Hussein, Hussein Ali"]
[Black "Barbosa, Oliver"]
[Result "0-1"]
[WhiteElo "2394"]
[BlackElo "2506"]
[EventDate "2011.05.02"]
[PlyCount "59"]

1.Nf3 c5 2.e4 g6 3.Bc4 Bg7 4.O-O Nc6 5.c3 Qb6 6.Re1 d6 7.h3 e5 8.d3 Nge7 
9.Bb3 O-O 10.Nbd2 h6 11.Nc4 Qc7 12.Ne3 Kh7 13.Nd5 Nxd5 14.exd5 Ne7 15.d4 
exd4 16.cxd4 Nf5 17.dxc5 dxc5 18.Re4 b5 19.Bf4 Qb6 20.g4 Nd6 21.Re2 Bb7 
22.a4 c4 23.Ba2 a6 24.Qd2 Qc5 25.Rd1 Rad8 26.Be5 Ne4 27.Rxe4 Rxd5 28.Rd4 
Rxe5 29.Nxe5 Qxe5 30.Qf4 0-1

[Event "9th Asia-ch"]
[Site "Mashhad IRI"]
[Date "2011.05.05"]
[Round "4.19"]
[White "Bakr, Jwan"]
[Black "Santosh Gujrathi, Vidit"]
[Result "0-1"]
[WhiteElo "2368"]
[BlackElo "2495"]
[EventDate "2011.05.02"]
[PlyCount "86"]

1.e4 c6 2.d4 d5 3.Nc3 dxe4 4.Nxe4 Bf5 5.Ng3 Bg6 6.Nf3 Nd7 7.h4 h6 8.h5 Bh7
9.Bd3 Bxd3 10.Qxd3 e6 11.Bf4 Qa5+ 12.Bd2 Bb4 13.c3 Be7 14.c4 Qc7 15.O-O-O 
Ngf6 16.Qe2 O-O 17.Kb1 a5 18.Ne4 c5 19.g4 Nxg4 20.Rhg1 f5 21.Nc3 Ra6 22.
Nb5 Qb8 23.Bxa5 Ndf6 24.Bc7 Qe8 25.Ne5 Qxh5 26.Rh1 Qe8 27.Rdg1 Kh8 28.f3 
Nxe5 29.Bxe5 Qf7 30.Nc7 Rb6 31.d5 exd5 32.Nxd5 Ra6 33.Qd3 Ne8 34.Rg2 Bd8 
35.Rhg1 Rg8 36.Nf4 Bc7 37.Ng6+ Rxg6 38.Rxg6 Bxe5 39.Qd5 Qxd5 40.cxd5 Bf6 
41.Re1 Nd6 42.Kc2 Rd8 43.a4 Nc4 0-1

[Event "9th Asia-ch"]
[Site "Mashhad IRI"]
[Date "2011.05.05"]
[Round "4.20"]
[White "Sadeh, Shahin"]
[Black "Darini, Pouria"]
[Result "1/2-1/2"]
[WhiteElo "2343"]
[BlackElo "2471"]
[EventDate "2011.05.02"]
[PlyCount "105"]

1.Nf3 d5 2.g3 Nf6 3.Bg2 c6 4.O-O Bf5 5.b3 e6 6.Bb2 h6 7.d3 Be7 8.Nbd2 O-O 
9.Re1 Bh7 10.e4 a5 11.a3 Nbd7 12.Qe2 Qb6 13.Rab1 Qa6 14.e5 Ne8 15.g4 c5 
16.a4 Nc7 17.h4 c4 18.bxc4 dxc4 19.Nxc4 Nd5 20.Qd2 Bb4 21.c3 Be7 22.Bf1 
Nc5 23.Ba3 Nxd3 24.Bxd3 Bxd3 25.Qxd3 Bxa3 26.Rb5 Be7 27.g5 h5 28.Rxa5 Qc6 
29.Nd4 Qc7 30.Rxa8 Rxa8 31.g6 Nf4 32.gxf7+ Kxf7 33.Qf3 Qxc4 34.Qxf4+ Kg8 
35.Re4 Rxa4 36.Kh2 Qd5 37.f3 Qa2+ 38.Kg3 Ra8 39.Re2 Qc4 40.Qe4 Rf8 41.Nf5 
Qc5 42.Nxe7+ Qxe7 43.Qg6 Qc5 44.Qxe6+ Kh7 45.Kg2 Qxc3 46.Qd5 Qc6 47.Qxc6 
bxc6 48.Rc2 Re8 49.f4 Rb8 50.Kf3 Kg6 51.Rg2+ Kf7 52.Rd2 c5 53.Rd6 1/2-1/2

[Event "9th Asia-ch"]
[Site "Mashhad IRI"]
[Date "2011.05.05"]
[Round "4.21"]
[White "Noroozi, Omid"]
[Black "Ahmadinia, Ebrahim"]
[Result "1-0"]
[WhiteElo "2340"]
[BlackElo "2429"]
[EventDate "2011.05.02"]
[PlyCount "163"]

1.c4 Nf6 2.Nc3 g6 3.d4 Bg7 4.e4 d6 5.Be2 O-O 6.Bg5 Na6 7.Qd2 e5 8.d5 Nc5 
9.f3 a5 10.h4 c6 11.Nh3 cxd5 12.cxd5 Bd7 13.Nf2 Qe8 14.g4 b5 15.h5 b4 16.
Ncd1 Bb5 17.h6 Bh8 18.Ne3 Bxe2 19.Qxe2 Nfd7 20.Nc4 Ra6 21.Rc1 Qb8 22.Nd1 
Re8 23.Nde3 Ra7 24.Kf2 Bf6 25.Bxf6 Nxf6 26.Nd2 Nfd7 27.Nec4 Ra6 28.Qe3 Qd8
29.Ke2 Qe7 30.Nb3 Nb7 31.a4 bxa3 32.bxa3 a4 33.Nbd2 Nbc5 34.Rb1 Rc8 35.
Rhc1 Kf8 36.Kf1 Ra7 37.Kg2 Rac7 38.Na5 Nb8 39.Rb6 Nd3 40.Rxc7 Qxc7 41.Nac4
Nf4+ 42.Kf1 Qe7 43.Rxd6 Qh4 44.Qg1 Qxh6 45.Ke1 Qh3 46.Qf1 Qh2 47.Kd1 Kg7 
48.Qe1 Rc7 49.Rb6 Nd7 50.d6 Rc8 51.Rb7 Nc5 52.Rc7 Ncd3 53.Qf1 Rb8 54.d7 
Rd8 55.Na5 Ne6 56.Qxd3 Nxc7 57.Nb7 Qg1+ 58.Kc2 Ne6 59.Nxd8 Qc5+ 60.Qc4 
Qxc4+ 61.Nxc4 Nxd8 62.Nxe5 Kf6 63.Nd3 Ke7 64.Kc3 Kxd7 65.g5 f6 66.gxf6 Ke6
67.e5 g5 68.Kd4 h5 69.Ke4 h4 70.Nf2 Nf7 71.Nd3 Nh6 72.f4 g4 73.f5+ Kf7 74.
Nf4 g3 75.Nh3 Ng4 76.Kf4 Nf2 77.Ng5+ Kf8 78.Kf3 Nd3 79.e6 Ne1+ 80.Ke2 h3 
81.Nxh3 Ng2 82.Kf3 1-0

[Event "9th Asia-ch"]
[Site "Mashhad IRI"]
[Date "2011.05.05"]
[Round "4.22"]
[White "Shyam Sundar, M."]
[Black "Arabi, Saeid"]
[Result "1-0"]
[WhiteElo "2457"]
[BlackElo "2159"]
[EventDate "2011.05.02"]
[PlyCount "39"]

1.e4 c5 2.Nf3 g6 3.c3 Nf6 4.e5 Nd5 5.d4 cxd4 6.Qxd4 Nb6 7.h4 Nc6 8.Qf4 h6 
9.Na3 a6 10.Nc4 Nxc4 11.Bxc4 e6 12.O-O d5 13.exd6 Qxd6 14.Qe4 Bg7 15.Bf4 
Qe7 16.Rfe1 O-O 17.Qe3 Kh7 18.Bd3 f5 19.Bh2 e5 20.Nxe5 1-0

[Event "9th Asia-ch"]
[Site "Mashhad IRI"]
[Date "2011.05.05"]
[Round "4.23"]
[White "Khademi, Mohammad Miran"]
[Black "Gao Rui"]
[Result "0-1"]
[WhiteElo "2308"]
[BlackElo "2419"]
[EventDate "2011.05.02"]
[PlyCount "60"]

1.f4 c5 2.Nf3 Nc6 3.g3 g6 4.Bg2 Bg7 5.d3 d6 6.e4 e6 7.O-O Nge7 8.c3 O-O 9.
Be3 b6 10.Nbd2 Ba6 11.Ne1 Rc8 12.g4 d5 13.f5 d4 14.cxd4 Bxd4 15.Bxd4 Qxd4+
16.Kh1 Ne5 17.Ndf3 Nxf3 18.Qxf3 exf5 19.gxf5 Nc6 20.f6 Rcd8 21.Nc2 Qe5 22.
Qe3 Qh5 23.Rad1 Ne5 24.Qg3 Bxd3 25.Ne3 Bxf1 26.Rxf1 Rd3 27.h3 Nc4 28.Rf3 
Rxe3 29.Rxe3 Nxe3 30.Qxe3 Qe5 0-1

[Event "9th Asia-ch"]
[Site "Mashhad IRI"]
[Date "2011.05.05"]
[Round "4.24"]
[White "Hou Yifan"]
[Black "Annageldiev, Orazly"]
[Result "1/2-1/2"]
[WhiteElo "2612"]
[BlackElo "2418"]
[EventDate "2011.05.02"]
[PlyCount "100"]

1.e4 e5 2.Nf3 Nc6 3.Bc4 Nf6 4.d3 Bc5 5.c3 d6 6.Bb3 h6 7.h3 O-O 8.Nbd2 Re8 
9.Nf1 d5 10.Qe2 a5 11.Ng3 a4 12.Bc2 b5 13.O-O b4 14.Rd1 bxc3 15.bxc3 d4 
16.c4 Bf8 17.Rf1 g6 18.Nh2 Bg7 19.Qd1 a3 20.Ba4 Bd7 21.Bxa3 h5 22.Nf3 Nh7 
23.h4 Bf6 24.Ne2 Bxh4 25.Nxh4 Qxh4 26.Bc1 f5 27.f4 fxe4 28.dxe4 Rxa4 29.
Qxa4 d3 30.Qd1 Nf6 31.fxe5 dxe2 32.Qxe2 Ng4 33.Bf4 Ncxe5 34.Qe1 Qe7 35.Rd1
Bc6 36.Qg3 h4 37.Qc3 Nf7 38.Rde1 Qc5+ 39.Be3 Nxe3 40.Qxe3 Qxc4 41.Rf6 Rxe4
42.Rc1 Qxa2 43.Qh3 Be8 44.Rxg6+ Kf8 45.Qc3 Qa7+ 46.Kh1 Qd4 47.Qxc7 h3 48.
gxh3 Re3 49.Qc5+ Qxc5 50.Rxc5 Rxh3+ 1/2-1/2

[Event "9th Asia-ch"]
[Site "Mashhad IRI"]
[Date "2011.05.05"]
[Round "4.25"]
[White "Vaibhav, Suri"]
[Black "Yang Ching Wei, Austin"]
[Result "1-0"]
[WhiteElo "2430"]
[BlackElo "1717"]
[EventDate "2011.05.02"]
[PlyCount "53"]

1.e4 e6 2.d4 d5 3.Nd2 Nf6 4.e5 Nfd7 5.c3 c5 6.Bd3 Nc6 7.Ne2 Qb6 8.Nf3 cxd4
9.cxd4 f6 10.exf6 Nxf6 11.O-O Bd6 12.b3 O-O 13.Bb2 Bd7 14.Ng3 Nb4 15.Bb1 
Rac8 16.Ne5 Bb5 17.Re1 Bxe5 18.dxe5 Nd7 19.Bd4 Qc7 20.a4 Ba6 21.Qg4 Rfe8 
22.Nh5 Re7 23.Nf6+ Nxf6 24.exf6 Rf7 25.fxg7 Qf4 26.Bxh7+ Kxh7 27.Qh5+ 1-0

[Event "9th Asia-ch"]
[Site "Mashhad IRI"]
[Date "2011.05.06"]
[Round "5.1"]
[White "Bu Xiangzhi"]
[Black "Yu Yangyi"]
[Result "0-1"]
[WhiteElo "2662"]
[BlackElo "2646"]
[EventDate "2011.05.02"]
[PlyCount "133"]

1.Nf3 d5 2.d4 Nf6 3.c4 c6 4.e3 g6 5.Nc3 Bg7 6.Bd3 O-O 7.O-O e6 8.Qe2 Nbd7 
9.Rd1 b6 10.e4 dxe4 11.Nxe4 Bb7 12.Bf4 c5 13.dxc5 bxc5 14.Rd2 Qb6 15.Rad1 
Nh5 16.Bd6 Rfe8 17.b4 e5 18.Bc2 cxb4 19.Bc7 Nf4 20.Qe3 Qxc7 21.Rxd7 Qxc4 
22.Bb3 Qxe4 23.Bxf7+ Kh8 24.Bxe8 Rxe8 25.Qxa7 Ne2+ 26.Kh1 Qxf3 27.Qxb7 
Qxb7 28.Rxb7 Bf8 29.Rdd7 h6 30.Ra7 Nc3 31.g3 e4 32.Kg2 Kg8 33.Ra6 g5 34.
Kh3 Re7 35.Rd2 Rf7 36.Kg2 Kg7 37.Rc2 Rb7 38.Rd2 Be7 39.Rc2 h5 40.Rd2 Rc7 
41.Ra5 Kf6 42.Ra6+ Kf7 43.Rd4 Rb7 44.Kf1 Bf6 45.Rc4 Nxa2 46.Rxa2 b3 47.Re2
b2 48.Rxb2 Rxb2 49.Rxe4 Kg6 50.Re3 Rc2 51.Rf3 Rc3 52.Rxc3 Bxc3 53.f3 Kf5 
54.Kg2 Bd4 55.Kh3 Be3 56.Kg2 Bb6 57.Kh3 Bd8 58.Kg2 Ke6 59.Kf2 Kd5 60.Ke3 
Bb6+ 61.Ke2 Kd4 62.Kd2 Kd5 63.Ke2 Bg1 64.h3 Bc5 65.Kf1 Kd4 66.Ke2 Bd6 67.
Kf2 0-1

[Event "9th Asia-ch"]
[Site "Mashhad IRI"]
[Date "2011.05.06"]
[Round "5.2"]
[White "Negi, Parimarjan"]
[Black "Sasikiran, Krishnan"]
[Result "1/2-1/2"]
[WhiteElo "2622"]
[BlackElo "2676"]
[EventDate "2011.05.02"]
[PlyCount "61"]

1.e4 e5 2.Nf3 Nc6 3.Bb5 a6 4.Ba4 Nf6 5.O-O Be7 6.Re1 b5 7.Bb3 d6 8.c3 O-O 
9.h3 Na5 10.Bc2 c5 11.d4 Qc7 12.Nbd2 cxd4 13.cxd4 Nc6 14.Nb3 a5 15.Be3 a4 
16.Nbd2 Bd7 17.Rc1 Rac8 18.Nf1 Qb8 19.Ng3 Rfe8 20.Bb1 Bd8 21.d5 Na5 22.
Rxc8 Bxc8 23.Nh4 Nc4 24.Bc1 g6 25.b3 axb3 26.axb3 Nb6 27.Bg5 b4 28.Bd3 
Nbd7 29.Qf3 Kg7 30.Bh6+ Kh8 31.Bg5 1/2-1/2

[Event "9th Asia-ch"]
[Site "Mashhad IRI"]
[Date "2011.05.06"]
[Round "5.3"]
[White "Zhumabaev, Rinat"]
[Black "Harikrishna, Pentala"]
[Result "0-1"]
[WhiteElo "2558"]
[BlackElo "2666"]
[EventDate "2011.05.02"]
[PlyCount "192"]

1.Nf3 Nf6 2.c4 e6 3.g3 d5 4.d4 Be7 5.Bg2 O-O 6.O-O dxc4 7.Qc2 a6 8.a4 Bd7 
9.Qxc4 Bc6 10.Bg5 h6 11.Bxf6 Bxf6 12.Nc3 Bxf3 13.Bxf3 c6 14.Qb3 Qc7 15.
Rfd1 a5 16.Rac1 Ra6 17.d5 Qb6 18.Qxb6 Rxb6 19.dxe6 fxe6 20.Rc2 Rd8 21.
Rxd8+ Bxd8 22.Rd2 Be7 23.h4 Rb4 24.h5 Kf7 25.e3 Bf6 26.Ne4 Be7 27.Nc3 Na6 
28.Rd4 Rxb2 29.Rf4+ Bf6 30.Ne4 Nb4 31.Nd6+ Ke7 32.Nxb7 Nd3 33.Nxa5 Nxf4 
34.Nxc6+ Kd6 35.exf4 Bc3 36.Kf1 Ra2 37.a5 Ra3 38.Ke2 Ra1 39.Kd3 Ra3 40.Ke2
Bf6 41.Be4 Ra4 42.Bf3 Kc5 43.Bg2 Ra2+ 44.Kf1 Bd4 45.Nxd4 Kxd4 46.Bh3 Rxa5 
47.Bxe6 Rxh5 48.Ke2 Ke4 49.Bf7 Ra5 50.Bg6+ Kd4 51.Kf3 Ra6 52.Bh7 h5 53.Bb1
Rh6 54.Ba2 Kd3 55.Bf7 Kd2 56.f5 h4 57.gxh4 Rxh4 58.Kg3 Ra4 59.Be6 Kd3 60.
Bd7 Rb4 61.Kf3 Rh4 62.Kg3 Rd4 63.Bc6 Kc4 64.Kf3 Kc5 65.Be4 Kd6 66.Kf4 Ke7 
67.Ke5 Rd2 68.f3 Re2 69.Kf4 Kf6 70.Bd3 Ra2 71.Bb1 Ra4+ 72.Ke3 Ra1 73.Bd3 
Rh1 74.Kf4 Rh4+ 75.Kg3 Kg5 76.Bc2 Rc4 77.Bd3 Rc7 78.Be4 Rc1 79.Bd3 Ra1 80.
Kf2 Rd1 81.Ke3 Ra1 82.Ke4 Ra5 83.Ke3 Ra4 84.Bc2 Rc4 85.Be4 Rb4 86.Bc2 Kh4 
87.Bd3 Kg3 88.Be4 Ra4 89.Bd5 Ra3+ 90.Ke4 Rxf3 91.Be6 Rf1 92.Ke5 Kh4 93.Bc4
Rc1 94.Be6 Kg5 95.Ke4 Re1+ 96.Kd4 g6 0-1

[Event "9th Asia-ch"]
[Site "Mashhad IRI"]
[Date "2011.05.06"]
[Round "5.4"]
[White "Zhou Weiqi"]
[Black "Adhiban, Baskaran"]
[Result "1-0"]
[WhiteElo "2610"]
[BlackElo "2543"]
[EventDate "2011.05.02"]
[PlyCount "89"]

1.d4 d5 2.c4 c6 3.Nf3 Nf6 4.e3 e6 5.Bd3 c5 6.O-O Nc6 7.Nc3 cxd4 8.exd4 Be7
9.c5 O-O 10.Bf4 b6 11.Bb5 Bd7 12.Bxc6 Bxc6 13.Ne5 Be8 14.c6 Ne4 15.c7 Qxc7
16.Nxe4 dxe4 17.Ng6 Qd8 18.Nxf8 Bxf8 19.Re1 Bc6 20.Rc1 Rc8 21.Re2 Bd5 22.
Rec2 Rxc2 23.Qxc2 g5 24.Bg3 Kg7 25.Qc8 Qxc8 26.Rxc8 Bb4 27.a3 Bd2 28.Kf1 
e3 29.Ke2 exf2 30.Kxf2 b5 31.Be5+ f6 32.Rc2 fxe5 33.Rxd2 exd4 34.Rxd4 Kf6 
35.a4 a6 36.a5 Ke5 37.Ke3 h6 38.g4 Kd6 39.b4 e5 40.Rd2 e4 41.Rf2 Ke7 42.
Kd4 Ba8 43.Rc2 Kd7 44.Rc3 Bb7 45.Rh3 1-0

[Event "9th Asia-ch"]
[Site "Mashhad IRI"]
[Date "2011.05.06"]
[Round "5.5"]
[White "Laylo, Darwin"]
[Black "Kasimdzhanov, Rustam"]
[Result "1/2-1/2"]
[WhiteElo "2516"]
[BlackElo "2685"]
[EventDate "2011.05.02"]
[PlyCount "89"]

1.d4 Nf6 2.c4 e6 3.Nf3 d5 4.Nc3 c6 5.e3 Nbd7 6.Qc2 Bd6 7.b3 O-O 8.Be2 b6 
9.O-O Bb7 10.Bb2 Qe7 11.Rad1 Rfe8 12.Rfe1 Rad8 13.Bf1 e5 14.dxe5 Nxe5 15.
Nxe5 Bxe5 16.h3 dxc4 17.bxc4 h6 18.Rxd8 Rxd8 19.Rd1 Re8 20.Ne2 Bxb2 21.
Qxb2 c5 22.Qd2 Bc6 23.Nc3 Ne4 24.Nxe4 Qxe4 25.Qd6 Ba4 26.Rd2 Qe7 27.Qd5 
Qe4 28.Qd6 Qe5 29.Qxe5 Rxe5 30.Be2 Re4 31.Rd8+ Re8 32.Rd6 Kf8 33.Bd1 Bxd1 
34.Rxd1 Re4 35.Rc1 Ke7 36.Kf1 h5 37.Ke2 h4 38.g3 hxg3 39.fxg3 f5 40.Kd3 
Re6 41.a4 Rh6 42.g4 fxg4 43.hxg4 Rh4 44.Rg1 Rh2 45.Ke4 1/2-1/2

[Event "9th Asia-ch"]
[Site "Mashhad IRI"]
[Date "2011.05.06"]
[Round "5.6"]
[White "Ganguly, Surya Shekhar"]
[Black "Kunte, Abhijit"]
[Result "1-0"]
[WhiteElo "2643"]
[BlackElo "2526"]
[EventDate "2011.05.02"]
[PlyCount "57"]

1.e4 c5 2.Nf3 e6 3.d4 cxd4 4.Nxd4 Nc6 5.Nc3 Qc7 6.Be2 a6 7.O-O Nf6 8.Be3 
d6 9.f4 Be7 10.a4 O-O 11.Kh1 Re8 12.Bf3 Bd7 13.Nb3 b6 14.g4 Bc8 15.g5 Nd7 
16.Bg2 Rb8 17.Rf3 Bf8 18.Rh3 g6 19.Qe1 Bg7 20.f5 Nb4 21.f6 Bf8 22.Nd4 Ne5 
23.Qh4 h6 24.Rf1 Bd7 25.Rf4 d5 26.Qxh6 Bxh6 27.Rxh6 Nf3 28.Rxf3 e5 29.Nf5 
1-0

[Event "9th Asia-ch"]
[Site "Mashhad IRI"]
[Date "2011.05.06"]
[Round "5.7"]
[White "Pourramezanali, Amirreza"]
[Black "Nguyen Ngoc Truong Son"]
[Result "0-1"]
[WhiteElo "2330"]
[BlackElo "2635"]
[EventDate "2011.05.02"]
[PlyCount "74"]

1.e4 Nf6 2.e5 Nd5 3.c4 Nb6 4.c5 Nd5 5.Nc3 e6 6.d4 Nxc3 7.bxc3 b6 8.Qf3 Nc6
9.cxb6 axb6 10.Nh3 Bb7 11.Qg3 Qc8 12.Nf4 Ba6 13.Nh5 Qb7 14.a4 Bxf1 15.Rxf1
Na5 16.f3 Qc6 17.Bd2 Nb3 18.Rb1 Qc4 19.Nxg7+ Kd8 20.Qg5+ Be7 21.Qf4 Rg8 
22.Qh6 Nxd2 23.Kxd2 Qa2+ 24.Kd3 Rxa4 25.Ra1 Qc4+ 26.Kc2 Ra2+ 27.Rxa2 Qxa2+
28.Kd3 Qa6+ 29.c4 Qa3+ 30.Ke4 Qa2 31.Re1 Qc2+ 32.Ke3 Qxg2 33.Qxh7 Rxg7 34.
Qh8+ Rg8 35.Qh7 Bg5+ 36.f4 Bxf4+ 37.Kxf4 Qf2+ 0-1

[Event "9th Asia-ch"]
[Site "Mashhad IRI"]
[Date "2011.05.06"]
[Round "5.8"]
[White "Barbosa, Oliver"]
[Black "Zhao Jun"]
[Result "0-1"]
[WhiteElo "2506"]
[BlackElo "2574"]
[EventDate "2011.05.02"]
[PlyCount "76"]

1.d4 Nf6 2.c4 g6 3.Nc3 Bg7 4.e4 d6 5.f3 O-O 6.Be3 c6 7.Nge2 a6 8.Qd2 b5 9.
Bh6 Bxh6 10.Qxh6 e5 11.O-O-O Qa5 12.h4 b4 13.Nb1 Be6 14.h5 Nbd7 15.g4 g5 
16.Qxg5+ Kh8 17.Qh4 Bxc4 18.g5 Ne8 19.g6 exd4 20.Nxd4 Bxf1 21.Rhxf1 Qc5+ 
22.Nc2 Ndf6 23.Rg1 fxg6 24.Rg5 Qc4 25.hxg6 Ra7 26.Rdg1 Qxa2 27.e5 dxe5 28.
Qxb4 Rg8 29.b3 Nd5 30.gxh7 Qxc2+ 31.Kxc2 Nxb4+ 32.Kc3 Nd5+ 33.Kc4 Rxg5 34.
Rxg5 Nd6+ 35.Kc5 Nf7 36.Rg6 Kxh7 37.Rxc6 Ne7 38.Re6 Rc7+ 0-1